[Event "IND-ch U15 47th"]
[Site "New Delhi"]
[Date "2022.11.28"]
[Round "1"]
[White "Dhruv, Singh Bisht"]
[Black "Sreyas, Payyappat"]
[Result "1/2-1/2"]
[WhiteElo "1334"]
[BlackElo "2145"]
[PlyCount "99"]
[EventDate "2022.11.28"]
[EventType "swiss"]
[EventRounds "11"]
[EventCountry "IND"]
[SourceTitle "CBM 211 Extra"]
[Source "ChessBase"]
[SourceDate "2023.01.31"]
[SourceVersion "1"]
[SourceVersionDate "2023.01.31"]
[SourceQuality "1"]

1. e4 c6 2. Nc3 d5 3. Nf3 dxe4 4. Nxe4 Nf6 5. Qe2 Nxe4 6. Qxe4 Nd7 7. Bc4 Nf6 8. Qe2 Bf5 9. d3 e6 10. Bf4 Bd6 11. Bg3 0-0 12. 0-0 Bxg3 13. hxg3 Ng4 14. Rfe1 Qd6 15. Ne5 Nxe5 16. Qxe5 Rfd8 17. Qe3 b5 18. Bb3 c5 19. a4 a6 20. Qf3 Rac8 21. Rad1 bxa4 22. Bc4 Rb8 23. b3 axb3 24. cxb3 Rb6 25. Ra1 h6 26. Ra5 Qd4 27. Qe3 Bxd3 28. Qxd4 Rxd4 29. Rxc5 Bxc4 30. bxc4 Rd2 31. Rc8+ Kh7 32. Rc7 Kg6 33. c5 Rbb2 34. Rf1 Rdc2 35. Rc8 Rb5 36. Ra1 Kf6 37. c6 Rf5 38. f3 Rd5 39. c7 Rdd2 40. Rd8 Rxg2+ 41. Kh1 Rh2+ 42. Kg1 Rcg2+ 43. Kf1 Rc2 44. Kg1 Rhg2+ 45. Kh1 Rxg3 46. c8Q Rh3+ 47. Kg1 Rg3+ 48. Kh1 Rh3+ 49. Kg1 Rg3+ 50. Kh1 1/2-1/2